[Event "XVIII Festival A"]
[Site "Porto San Giorgio ITA"]
[Date "2006.08.25"]
[Round "5"]
[White "Horvath, Peter"]
[Black "Hanley, Craig A."]
[Result "1/2-1/2"]
[WhiteElo "2465"]
[BlackElo "2419"]
[PlyCount "82"]
[EventDate "2006.08.21"]

1. d4 Nf6 2. c4 e6 3. Nc3 Bb4 4. a3 Bxc3+ 5. bxc3 c5 6. e3 Nc6 7. Bd3 O-O 8.
Ne2 b6 9. O-O Ba6 10. e4 Ne8 11. Be3 Nd6 12. dxc5 Nxc4 13. Bxc4 Bxc4 14. Re1
Qc7 15. Qd2 Ne5 16. cxb6 axb6 17. Ng3 Ra5 18. Bd4 Rfa8 19. Qe3 Rxa3 20. Bxb6
Qb8 21. Rab1 Bd3 22. Rbc1 Nc4 23. Qxd3 Nxb6 24. Ne2 Qc7 25. Red1 h6 26. h3 Ra2
27. Rd2 Nc4 28. Rxa2 Rxa2 29. Rc2 Ne5 30. Qd2 Ra1+ 31. Rc1 Ra4 32. Nd4 Qc4 33.
Kh2 Ra2 34. Rc2 Qc7 35. g3 Ra4 36. Qe3 Qc4 37. Qe2 Qxe2 38. Rxe2 Rc4 39. Re3
Rc5 40. Ne2 Ra5 41. Kg2 Kf8 1/2-1/2

[Event "XVIII Festival A"]
[Site "Porto San Giorgio ITA"]
[Date "2006.08.25"]
[Round "5"]
[White "Jaracz, Barbara"]
[Black "Rotoni, Matteo"]
[Result "1-0"]
[WhiteElo "2282"]
[BlackElo "2111"]
[PlyCount "47"]
[EventDate "2006.08.21"]

1. e4 e6 2. d4 d5 3. Nd2 Be7 4. e5 c5 5. c3 Nc6 6. Ndf3 cxd4 7. cxd4 Bb4+ 8.
Bd2 Qb6 9. a3 Bxd2+ 10. Qxd2 Bd7 11. Bd3 f6 12. Ne2 O-O-O 13. O-O Nge7 14. b4
Ng6 15. Rfc1 Kb8 16. exf6 gxf6 17. Bxg6 hxg6 18. Qf4+ Ka8 19. Qxf6 Rdf8 20. Qg5
Rh5 21. Qg3 e5 22. Nxe5 Nxe5 23. dxe5 Bb5 24. Nf4 1-0

[Event "XVIII Festival A"]
[Site "Porto San Giorgio ITA"]
[Date "2006.08.25"]
[Round "5"]
[White "Laketic, Gojko"]
[Black "Brancaleoni, Maurizio"]
[Result "1/2-1/2"]
[WhiteElo "2461"]
[BlackElo "2275"]
[PlyCount "33"]
[EventDate "2006.08.21"]

1. d4 Nf6 2. c4 e6 3. Nc3 d5 4. Bg5 Be7 5. e3 O-O 6. Nf3 h6 7. Bh4 Ne4 8. Bxe7
Qxe7 9. Qc2 Nxc3 10. Qxc3 c6 11. Be2 dxc4 12. Bxc4 b6 13. O-O Nd7 14. Rac1 Bb7
15. Be2 Rfc8 16. Nd2 c5 17. Bf3 1/2-1/2

[Event "XVIII Festival A"]
[Site "Porto San Giorgio ITA"]
[Date "2006.08.25"]
[Round "5"]
[White "Naumkin, Igor"]
[Black "Jaracz, Pawel"]
[Result "1/2-1/2"]
[WhiteElo "2430"]
[BlackElo "2485"]
[PlyCount "51"]
[EventDate "2006.08.21"]

1. d4 d5 2. c4 c6 3. Nf3 Nf6 4. Nc3 dxc4 5. a4 e6 6. e3 c5 7. Bxc4 cxd4 8. exd4
Nc6 9. O-O Be7 10. Re1 O-O 11. Bg5 Bd7 12. Qe2 Nb4 13. Ne5 Rc8 14. Rad1 Re8 15.
Bb3 h6 16. Bc1 Bd6 17. Qf3 Bc6 18. Qg3 Kf8 19. Qh3 Bd5 20. Nxd5 Nbxd5 21. Qf3
Bb4 22. Rf1 Rc7 23. h4 Kg8 24. Ba2 Bf8 25. Bb1 g6 26. g3 1/2-1/2

[Event "XVIII Festival A"]
[Site "Porto San Giorgio ITA"]
[Date "2006.08.25"]
[Round "5"]
[White "Trent, Lawrence"]
[Black "Orlov, Andrey"]
[Result "1-0"]
[WhiteElo "2434"]
[BlackElo "2439"]
[PlyCount "66"]
[EventDate "2006.08.21"]

1. d4 Nf6 2. Bg5 e6 3. e4 h6 4. Bxf6 Qxf6 5. c3 d6 6. Bd3 e5 7. Ne2 Nc6 8. O-O
g5 9. Bb5 a6 10. Ba4 b5 11. Bc2 Bg7 12. d5 Ne7 13. a4 Rb8 14. axb5 axb5 15. b4
h5 16. Nd2 g4 17. Ra7 Bh6 18. Rxc7 h4 19. f4 exf4 20. Nd4 f3 21. e5 dxe5 22.
Ne4 Qb6 23. d6 Nd5 24. Re7+ Kf8 25. Rxe5 Ne3 26. Qd3 Nxc2 27. Qxc2 Be3+ 28. Kh1
Bb7 29. Rxb5 Qa6 30. Qd3 Bxd4 31. Qxd4 Rg8 32. c4 Qa2 33. gxf3 gxf3 1-0

[Event "XVIII Festival A"]
[Site "Porto San Giorgio ITA"]
[Date "2006.08.26"]
[Round "6"]
[White "Bokros, Albert"]
[Black "Eperjesi, Laszlo"]
[Result "1-0"]
[WhiteElo "2464"]
[BlackElo "2238"]
[PlyCount "83"]
[EventDate "2006.08.21"]

1. e4 c6 2. d4 d5 3. e5 Bf5 4. Nf3 e6 5. Be2 Nd7 6. O-O Bg6 7. c4 dxc4 8. Bxc4
Nb6 9. Be2 Ne7 10. Nbd2 Ned5 11. Nb3 Be7 12. Bd2 O-O 13. Na5 Rb8 14. a3 Bh5 15.
b4 Bxf3 16. Bxf3 Bg5 17. Be4 Bxd2 18. Qxd2 f5 19. exf6 Rxf6 20. g3 Qe7 21. Rae1
Rd8 22. Qc2 Rh6 23. Bg2 Qf7 24. h3 Rf6 25. Re2 g5 26. Rfe1 Kh8 27. Nb3 Nd7 28.
Nd2 Nf8 29. Ne4 Rg6 30. Qd2 Qg7 31. Nc5 Rd6 32. Re5 Nb6 33. Qc3 Nd5 34. Qc1 Nf4
35. Bf1 Rxd4 36. Qc3 Rd5 37. Nxb7 Rh6 38. Na5 c5 39. bxc5 Nd7 40. R5e3 Rxc5 41.
Qxg7+ Kxg7 42. Nb3 1-0

[Event "XVIII Festival A"]
[Site "Porto San Giorgio ITA"]
[Date "2006.08.26"]
[Round "6"]
[White "Delfino, Luigi"]
[Black "Schaefer, Michael"]
[Result "0-1"]
[WhiteElo "2104"]
[BlackElo "2194"]
[PlyCount "74"]
[EventDate "2006.08.21"]

1. e4 c5 2. Nf3 d6 3. d4 cxd4 4. Nxd4 Nf6 5. Nc3 Nc6 6. f3 e5 7. Nb3 h6 8. Be3
Be7 9. Qd2 Be6 10. O-O-O a5 11. Nd5 a4 12. Na1 a3 13. b3 Bxd5 14. exd5 Nd4 15.
Kb1 O-O 16. c3 Nf5 17. Bg1 Ra5 18. c4 b5 19. cxb5 Nd7 20. Nc2 Bg5 21. Qd3 Qf6
22. Qe4 Nc5 23. Bxc5 dxc5 24. Bd3 g6 25. Ne1 Nd6 26. Qe2 Rb8 27. h4 Bxh4 28.
Qd2 e4 29. fxe4 Raxb5 30. Bxb5 Nxe4 31. Bc4 Bg5 32. Rf1 Nxd2+ 33. Rxd2 Qxf1 34.
Bxf1 Bxd2 35. Nd3 c4 36. Nc5 Rc8 37. Ne4 cxb3 0-1

[Event "XVIII Festival A"]
[Site "Porto San Giorgio ITA"]
[Date "2006.08.26"]
[Round "6"]
[White "Ferri, Stefano"]
[Black "Altini, Daniele"]
[Result "1-0"]
[WhiteElo "2121"]
[BlackElo "2292"]
[PlyCount "75"]
[EventDate "2006.08.21"]

1. d4 Nf6 2. Nf3 e6 3. c4 b6 4. a3 Bb7 5. Nc3 d6 6. Qc2 Be7 7. e4 O-O 8. Be2 c5
9. d5 Re8 10. O-O Nbd7 11. dxe6 fxe6 12. Ng5 Nf8 13. f4 h6 14. Nh3 Kh8 15. Bf3
N6d7 16. Be3 Qc7 17. g4 Rad8 18. Rad1 Bc6 19. Qg2 Ng6 20. g5 Rg8 21. Qg4 Ndf8
22. Qh5 Be8 23. Qg4 a6 24. Be2 Bf7 25. Nf2 Nh7 26. h4 h5 27. Qg3 Ngf8 28. f5
Be8 29. Nh3 Rd7 30. Nf4 exf5 31. Ncd5 Qb8 32. exf5 Nf6 33. Bf3 Bf7 34. g6 Bxd5
35. cxd5 Rd8 36. Nh3 N6d7 37. Ng5 Bxg5 38. hxg5 1-0

[Event "XVIII Festival A"]
[Site "Porto San Giorgio ITA"]
[Date "2006.08.26"]
[Round "6"]
[White "Hanley, Craig A."]
[Black "Farago, Ivan"]
[Result "1/2-1/2"]
[WhiteElo "2419"]
[BlackElo "2513"]
[PlyCount "59"]
[EventDate "2006.08.21"]

1. d4 e6 2. c4 Nf6 3. Nc3 Bb4 4. f3 d5 5. a3 Bxc3+ 6. bxc3 c5 7. cxd5 Nxd5 8.
dxc5 Qa5 9. e4 Ne7 10. Be3 O-O 11. Qb3 Nec6 12. Bb5 e5 13. Ne2 Qc7 14. c4 Na5
15. Qa4 a6 16. Nc3 Be6 17. Nd5 Bxd5 18. exd5 axb5 19. cxb5 b6 20. c6 Nd7 21. d6
Qxd6 22. cxd7 Qd3 23. Qe4 Qxd7 24. O-O Qxb5 25. Rab1 Qc6 26. Qxc6 Nxc6 27. Rxb6
Nd4 28. Bxd4 exd4 29. Rb4 Rxa3 30. Rxd4 1/2-1/2

[Event "XVIII Festival A"]
[Site "Porto San Giorgio ITA"]
[Date "2006.08.26"]
[Round "6"]
[White "Jaracz, Barbara"]
[Black "Kohlweyer, Bernd"]
[Result "0-1"]
[WhiteElo "2282"]
[BlackElo "2419"]
[PlyCount "52"]
[EventDate "2006.08.21"]

1. e4 c5 2. Nf3 d6 3. d4 cxd4 4. Nxd4 Nf6 5. Nc3 a6 6. Be3 e6 7. f3 b5 8. Qd2
Nbd7 9. g4 Bb7 10. O-O-O Rc8 11. g5 Nh5 12. Bd3 g6 13. Kb1 Bg7 14. Nce2 Ne5 15.
Ng3 Nxg3 16. hxg3 d5 17. Rh4 dxe4 18. fxe4 Nxd3 19. Qxd3 Qc7 20. a4 bxa4 21.
Rdh1 Qc4 22. Rxh7 Rxh7 23. Rxh7 Kf8 24. Ne2 Bxe4 25. Qd6+ Ke8 26. Nc3 Bxc3 0-1

[Event "XVIII Festival A"]
[Site "Porto San Giorgio ITA"]
[Date "2006.08.26"]
[Round "6"]
[White "Jaracz, Pawel"]
[Black "Collutiis, Duilio"]
[Result "1/2-1/2"]
[WhiteElo "2485"]
[BlackElo "2404"]
[PlyCount "56"]
[EventDate "2006.08.21"]

1. e4 c5 2. Nf3 e6 3. d4 cxd4 4. Nxd4 Nc6 5. Nc3 a6 6. Nxc6 bxc6 7. Bd3 d5 8.
O-O Nf6 9. Re1 Be7 10. e5 Nd7 11. Qg4 g6 12. Na4 Rb8 13. b3 Qc7 14. Qg3 h5 15.
c4 h4 16. Qe3 Rh5 17. Bb2 dxc4 18. Bxc4 c5 19. Be2 Rf5 20. Bg4 Bg5 21. Qe2 Rf4
22. Bc1 Rbb4 23. Bxf4 Bxf4 24. a3 Rd4 25. g3 hxg3 26. hxg3 Rd2 27. Qe4 Rd4 28.
Qe2 Rd2 1/2-1/2

[Event "XVIII Festival A"]
[Site "Porto San Giorgio ITA"]
[Date "2006.08.26"]
[Round "6"]
[White "Miezis, Normunds"]
[Black "Malloni, Marcello"]
[Result "1-0"]
[WhiteElo "2527"]
[BlackElo "2276"]
[PlyCount "145"]
[EventDate "2006.08.21"]

1. c4 e6 2. e4 d5 3. exd5 exd5 4. d4 Nf6 5. Nc3 Bb4 6. Bd3 dxc4 7. Bxc4 O-O 8.
Nf3 Re8+ 9. Be3 Be6 10. Bxe6 Rxe6 11. O-O Nc6 12. Bg5 Bxc3 13. bxc3 Na5 14.
Bxf6 gxf6 15. Ne1 Qd6 16. Nd3 Rae8 17. Qf3 Kh8 18. Nf4 Re4 19. Nh5 R8e6 20. d5
Re7 21. g3 f5 22. Qxf5 R4e5 23. Qf3 Qg6 24. Nf4 Qf5 25. Rad1 Re4 26. Qd3 Qe5
27. Ng2 b6 28. Ne3 Nb7 29. Nc4 Qf6 30. d6 Nxd6 31. Nxd6 Qxd6 32. Qxd6 cxd6 33.
Rxd6 Re2 34. a4 Ra2 35. Rd4 Rc7 36. Re1 Kg7 37. Re8 Rc2 38. Rg4+ Kf6 39. Rh8
R2xc3 40. Rxh7 Rf3 41. Rh6+ Ke7 42. Kg2 Rf5 43. Re4+ Kf8 44. g4 Rfc5 45. Rh8+
Kg7 46. Ree8 Ra5 47. Kg3 Rxa4 48. f4 Rc3+ 49. Kh4 f6 50. Reg8+ Kf7 51. Ra8 Rxf4
52. Rxa7+ Kg6 53. Rg8+ Kh6 54. Rgg7 f5 55. h3 fxg4 56. hxg4 Rfc4 57. Rgb7 Rb3
58. Re7 Rc6 59. Rh7+ Kg6 60. Rag7+ Kf6 61. Kh5 Rc1 62. g5+ Ke6 63. Kg6 Rg1 64.
Rd7 Ke5 65. Rhf7 Rg2 66. Rf5+ Ke4 67. Rd6 Ke3 68. Kf6 Rb1 69. g6 b5 70. Re5+
Kf4 71. Rd4+ Kf3 72. Rd3+ Kf4 73. Red5 1-0

[Event "XVIII Festival A"]
[Site "Porto San Giorgio ITA"]
[Date "2006.08.26"]
[Round "6"]
[White "Mrdja, Milan"]
[Black "Horvath, Peter"]
[Result "0-1"]
[WhiteElo "2414"]
[BlackElo "2465"]
[PlyCount "60"]
[EventDate "2006.08.21"]

1. e4 c5 2. Nf3 Nc6 3. Bb5 g6 4. Bxc6 dxc6 5. h3 Bg7 6. e5 Nh6 7. Qe2 Nf5 8. c3
h5 9. O-O Be6 10. d3 Qd7 11. Rd1 Rd8 12. Na3 Bd5 13. Bf4 Bxf3 14. Qxf3 Qd5 15.
Qe2 O-O 16. Nc2 Rd7 17. f3 h4 18. Rd2 Rfd8 19. b3 Qe6 20. Re1 Rd5 21. Qe4 g5
22. Bh2 Ng3 23. Bxg3 hxg3 24. f4 gxf4 25. Qxf4 Rxd3 26. Rde2 Rxc3 27. Ne3 Rd4
28. Qxg3 Re4 29. Qf2 Bxe5 30. Kh1 Bd4 0-1

[Event "XVIII Festival A"]
[Site "Porto San Giorgio ITA"]
[Date "2006.08.26"]
[Round "6"]
[White "Palac, Mladen"]
[Black "Naumkin, Igor"]
[Result "1/2-1/2"]
[WhiteElo "2584"]
[BlackElo "2430"]
[PlyCount "53"]
[EventDate "2006.08.21"]

1. e4 e5 2. Nf3 Nc6 3. Bb5 a6 4. Ba4 Nf6 5. O-O Nxe4 6. d4 b5 7. Bb3 d5 8. dxe5
Be6 9. Nbd2 Nc5 10. c3 Be7 11. Bc2 Bg4 12. Re1 Qd7 13. Nf1 Rd8 14. Ne3 Bh5 15.
b4 Ne6 16. g4 Bg6 17. Nf5 O-O 18. a4 Rfe8 19. axb5 axb5 20. Bd3 Rb8 21. Qe2
Ncd8 22. Ra5 c6 23. Be3 Bf8 24. h3 Nc7 25. Ra7 Nde6 26. Rea1 c5 27. bxc5
1/2-1/2

[Event "XVIII Festival A"]
[Site "Porto San Giorgio ITA"]
[Date "2006.08.26"]
[Round "6"]
[White "Rinaudo, Andrea"]
[Black "Valori, Vincenzo"]
[Result "1/2-1/2"]
[WhiteElo "2116"]
[BlackElo "2049"]
[PlyCount "82"]
[EventDate "2006.08.21"]

1. e4 e5 2. Nf3 d6 3. d4 exd4 4. Nxd4 g6 5. c4 Bg7 6. Nc3 Nf6 7. g3 O-O 8. Bg2
Re8 9. O-O c6 10. h3 Na6 11. Be3 Nc5 12. Qc2 Ne6 13. Nde2 h6 14. Rad1 Qe7 15.
Qd2 Nc5 16. f3 Be6 17. b3 d5 18. cxd5 cxd5 19. Bxh6 Bxh6 20. Qxh6 dxe4 21. Nxe4
Ncxe4 22. fxe4 Nxe4 23. Bxe4 Bxb3 24. axb3 Qxe4 25. Rf2 Qc2 26. Qd2 Qxb3 27.
Rdf1 Qe3 28. Qd5 Re7 29. Kh2 Qe4 30. Qb3 Rc8 31. Nf4 Rec7 32. Nd5 Qe6 33. Nf6+
Kg7 34. Qf3 b6 35. Re2 Qxe2+ 36. Qxe2 Rc2 37. Qxc2 Rxc2+ 38. Kg1 Rc3 39. Kg2
Rc2+ 40. Kg1 Rc3 41. Kg2 Rc2+ 1/2-1/2

[Event "XVIII Festival A"]
[Site "Porto San Giorgio ITA"]
[Date "2006.08.26"]
[Round "6"]
[White "Roeder, Matthias"]
[Black "Burmakin, Vladimir"]
[Result "1/2-1/2"]
[WhiteElo "2423"]
[BlackElo "2558"]
[PlyCount "72"]
[EventDate "2006.08.21"]

1. Nf3 d5 2. c4 d4 3. g3 g6 4. b4 Bg7 5. d3 Nh6 6. Nbd2 Nf5 7. g4 Ne3 8. fxe3
dxe3 9. Rb1 exd2+ 10. Qxd2 Bxg4 11. Bb2 Bxb2 12. Qxb2 O-O 13. Ne5 Be6 14. Bg2
Qc8 15. h4 f6 16. Nf3 Nc6 17. h5 g5 18. h6 g4 19. Ng5 Bf5 20. O-O Qd7 21. Bd5+
e6 22. Rxf5 exd5 23. Rxf6 Qe7 24. Rg6+ hxg6 25. h7+ Qxh7 26. Nxh7 Kxh7 27. cxd5
Ne7 28. Kg2 g5 29. Qe5 Nf5 30. Rf1 Kg6 31. Qe6+ Rf6 32. Qxf6+ Kxf6 33. e4 Ke5
34. Rxf5+ Kd4 35. Rxg5 Kxd3 36. e5 Ke4 1/2-1/2

[Event "XVIII Festival A"]
[Site "Porto San Giorgio ITA"]
[Date "2006.08.27"]
[Round "7"]
[White "Bontempi, Piero"]
[Black "Marozzi, Giovanni"]
[Result "1-0"]
[WhiteElo "2318"]
[BlackElo "2096"]
[PlyCount "55"]
[EventDate "2006.08.21"]

1. e4 e5 2. Nf3 Nf6 3. Nxe5 d6 4. Nf3 Nxe4 5. Bd3 Nf6 6. h3 Qe7+ 7. Be2 Bf5 8.
O-O Qd7 9. Nd4 Bg6 10. Bf3 c6 11. Re1+ Be7 12. Nc3 O-O 13. Nb3 d5 14. d4 h6 15.
Bf4 Bb4 16. Nc5 Qf5 17. Nd3 Bxc3 18. bxc3 Ne4 19. c4 Na6 20. Qc1 Nc3 21. Qb2
dxc4 22. Bd6 Rfd8 23. Be7 Rdb8 24. Ne5 Nd5 25. Bd6 Nac7 26. Bxd5 Nxd5 27. Bxb8
Rxb8 28. Nxc6 1-0

[Event "XVIII Festival A"]
[Site "Porto San Giorgio ITA"]
[Date "2006.08.27"]
[Round "7"]
[White "Burmakin, Vladimir"]
[Black "Csiszar, Csaba"]
[Result "1-0"]
[WhiteElo "2558"]
[BlackElo "2403"]
[PlyCount "59"]
[EventDate "2006.08.21"]

1. d4 Nf6 2. g3 e6 3. Bg2 c5 4. Nf3 cxd4 5. O-O d5 6. Nxd4 e5 7. Nb3 Be7 8. Bg5
Nbd7 9. e4 d4 10. c3 dxc3 11. Nxc3 O-O 12. Qe2 h6 13. Be3 b6 14. Rfd1 Bb7 15.
Bh3 a6 16. Bxh6 gxh6 17. Bxd7 Qb8 18. Bf5 Kg7 19. Nd2 b5 20. Nf1 Bc5 21. Ne3
Bxe3 22. Qxe3 Qc7 23. Rac1 Qe7 24. Rd3 Qb4 25. Rcd1 Bc8 26. Rd6 Bxf5 27. exf5
Ng4 28. Qf3 h5 29. h3 e4 30. Qf4 1-0

[Event "XVIII Festival A"]
[Site "Porto San Giorgio ITA"]
[Date "2006.08.27"]
[Round "7"]
[White "Calandri, Fausto"]
[Black "Calzetta Ruiz, Monica"]
[Result "1/2-1/2"]
[WhiteElo "2123"]
[BlackElo "2329"]
[PlyCount "41"]
[EventDate "2006.08.21"]

1. e4 c5 2. Nf3 d6 3. d4 cxd4 4. Nxd4 Nf6 5. Nc3 g6 6. Be3 Bg7 7. f3 O-O 8. Qd2
Nc6 9. Bc4 Bd7 10. O-O-O Rc8 11. Bb3 Nxd4 12. Bxd4 b5 13. e5 dxe5 14. Bxe5 Bc6
15. Qxd8 Rfxd8 16. Rxd8+ Rxd8 17. Rd1 Bh6+ 18. Kb1 Rxd1+ 19. Nxd1 Nd5 20. c4
Ne3 21. Nxe3 1/2-1/2

[Event "XVIII Festival A"]
[Site "Porto San Giorgio ITA"]
[Date "2006.08.27"]
[Round "7"]
[White "Farago, Ivan"]
[Black "Estremera Panos, Sergio"]
[Result "1-0"]
[WhiteElo "2513"]
[BlackElo "2345"]
[PlyCount "79"]
[EventDate "2006.08.21"]

1. d4 Nf6 2. c4 e6 3. Nf3 d5 4. Nc3 Bb4 5. Bg5 O-O 6. e3 c5 7. cxd5 exd5 8. Qc2
Be6 9. Be2 Nbd7 10. O-O Qa5 11. Nd2 cxd4 12. Nb3 Qb6 13. Na4 Qd8 14. Nxd4 Rc8
15. Qb3 Qa5 16. a3 Bd6 17. Nc3 Nc5 18. Qb4 Qd8 19. Ndb5 a5 20. Qh4 Be7 21. Rad1
h6 22. Bxf6 Bxf6 23. Qh5 Bxc3 24. Nxc3 Qb6 25. Nxd5 Bxd5 26. Rxd5 Qxb2 27. Bg4
Ne6 28. Rxa5 Rc1 29. g3 Rxf1+ 30. Kxf1 Ng5 31. h4 Qc1+ 32. Kg2 Qc7 33. Rf5 g6
34. Qxh6 gxf5 35. Qxg5+ Kh8 36. Bxf5 Rd8 37. Qh6+ Kg8 38. Bh7+ Kh8 39. Bg6+ Kg8
40. Bxf7+ 1-0

[Event "XVIII Festival A"]
[Site "Porto San Giorgio ITA"]
[Date "2006.08.27"]
[Round "7"]
[White "Horvath, Peter"]
[Black "Fercec, Nenad"]
[Result "1-0"]
[WhiteElo "2465"]
[BlackElo "2497"]
[PlyCount "103"]
[EventDate "2006.08.21"]

1. d4 d5 2. c4 Nc6 3. Nc3 e5 4. cxd5 Nxd4 5. e3 Nf5 6. Nf3 Bd6 7. Bb5+ Bd7 8.
Bxd7+ Qxd7 9. e4 Nfe7 10. Qb3 b6 11. O-O Ng6 12. a4 a6 13. Be3 Nf6 14. Rac1 O-O
15. h3 Nh5 16. Nd2 Nhf4 17. Qd1 Bb4 18. Rc2 f5 19. f3 Nxh3+ 20. gxh3 f4 21. Bf2
Qxh3 22. Nb3 Rf6 23. Be1 Nh4 24. Bxh4 Rg6+ 25. Kf2 Rg2+ 26. Ke1 Qxh4+ 27. Rcf2
Rd8 28. Ke2 Rxf2+ 29. Rxf2 c6 30. Qd3 b5 31. axb5 axb5 32. Qc2 Bxc3 33. Qxc3
cxd5 34. Qxe5 dxe4 35. Qxe4 h6 36. Rg2 Qf6 37. Nd2 Qxb2 38. Qxf4 Kh8 39. Rg6
Re8+ 40. Kf2 Rd8 41. Rxh6+ Kg8 42. Rh8+ Kxh8 43. Qh4+ Kg8 44. Qxd8+ Kf7 45. Qd3
b4 46. Ke3 Qe5+ 47. Ne4 g5 48. Qc4+ Kg6 49. Qd3 Qf5 50. Ke2 Qf4 51. Qd6+ Kh5
52. Nf6+ 1-0

[Event "XVIII Festival A"]
[Site "Porto San Giorgio ITA"]
[Date "2006.08.27"]
[Round "7"]
[White "Kohlweyer, Bernd"]
[Black "Jaracz, Pawel"]
[Result "1/2-1/2"]
[WhiteElo "2419"]
[BlackElo "2485"]
[PlyCount "114"]
[EventDate "2006.08.21"]

1. d4 Nf6 2. c4 e6 3. Nf3 b6 4. e3 Bb7 5. Nc3 Bb4 6. Bd3 Ne4 7. O-O Bxc3 8.
bxc3 f5 9. d5 Nc5 10. e4 fxe4 11. Bg5 Qc8 12. Bc2 O-O 13. Nd2 exd5 14. Be7 Re8
15. Bxc5 bxc5 16. cxd5 Bxd5 17. Nxe4 Bxe4 18. Bxe4 c6 19. Re1 Re6 20. Qh5 g6
21. Qxc5 Na6 22. Qd4 Qe8 23. Kf1 Qe7 24. Bf3 Rf8 25. Qxa7 Nc5 26. Rxe6 Nxe6 27.
Qe3 Qc5 28. Qxc5 Nxc5 29. a4 Ra8 30. Bd1 Kf7 31. Bc2 Ke6 32. Ke2 Kd5 33. Kd2
Rb8 34. h4 Kc4 35. a5 Rb2 36. Kc1 Rb7 37. Kd2 Rb2 38. Kc1 Rb7 39. Ra3 d5 40.
Kd2 Ra7 41. Ra1 d4 42. cxd4 Kxd4 43. h5 gxh5 44. Rh1 Rxa5 45. Rh4+ Kd5 46.
Rxh5+ Kd4 47. Rh4+ Kd5 48. Rxh7 Ra2 49. Rh5+ Kd4 50. Rh4+ Kd5 51. g3 Ra3 52.
Rb4 Ne6 53. Bd3 Nd4 54. Bh7 c5 55. Rb8 Ra2+ 56. Ke1 Ra1+ 57. Kd2 Ra2+ 1/2-1/2

[Event "XVIII Festival A"]
[Site "Porto San Giorgio ITA"]
[Date "2006.08.27"]
[Round "7"]
[White "Miezis, Normunds"]
[Black "Roeder, Matthias"]
[Result "1/2-1/2"]
[WhiteElo "2527"]
[BlackElo "2423"]
[PlyCount "56"]
[EventDate "2006.08.21"]

1. c4 e6 2. e4 d5 3. exd5 exd5 4. d4 Bb4+ 5. Nc3 Nf6 6. Bd3 O-O 7. Nf3 Re8+ 8.
Be3 dxc4 9. Bxc4 Be6 10. Bxe6 Rxe6 11. O-O Nbd7 12. Bg5 h6 13. Bh4 c6 14. Qb3
Qb6 15. Na4 Qa5 16. Bxf6 Nxf6 17. Rac1 Rd8 18. a3 Bd6 19. Nc5 Bxc5 20. Rxc5 Qb6
21. Qc2 Rd5 22. b4 Qd8 23. b5 Ne4 24. Rxd5 Qxd5 25. bxc6 Rxc6 26. Qb2 Rb6 27.
Qc1 Rc6 28. Qb2 Rb6 1/2-1/2

[Event "XVIII Festival A"]
[Site "Porto San Giorgio ITA"]
[Date "2006.08.27"]
[Round "7"]
[White "Naumkin, Igor"]
[Black "Ferri, Stefano"]
[Result "1-0"]
[WhiteElo "2430"]
[BlackElo "2121"]
[PlyCount "77"]
[EventDate "2006.08.21"]

1. d4 Nf6 2. c4 g6 3. Nc3 Bg7 4. e4 d6 5. Nf3 O-O 6. Be2 e5 7. d5 Na6 8. Bg5 h6
9. Bh4 c6 10. O-O g5 11. Bg3 Nh5 12. dxc6 bxc6 13. Qd2 Bf6 14. Rfd1 Be7 15. Ne1
Nf4 16. Nc2 Nc5 17. Ne3 a5 18. Bg4 Be6 19. Qc2 h5 20. Bf5 Qc7 21. b3 Rfd8 22.
f3 Bf6 23. Bf2 Kg7 24. Rab1 Rab8 25. a3 Na6 26. Rd2 Qe7 27. Qd1 Kh8 28. Qf1 Nc7
29. g3 d5 30. exd5 cxd5 31. gxf4 d4 32. Ncd5 dxe3 33. Nxe7 exd2 34. Bxe6 Bxe7
35. Bxf7 Rxb3 36. Rd1 Rxf3 37. Qe2 Rxf4 38. Qxh5+ Kg7 39. Qg6+ 1-0

[Event "XVIII Festival A"]
[Site "Porto San Giorgio ITA"]
[Date "2006.08.27"]
[Round "7"]
[White "Sulava, Nenad"]
[Black "Hanley, Craig A."]
[Result "1-0"]
[WhiteElo "2489"]
[BlackElo "2419"]
[PlyCount "53"]
[EventDate "2006.08.21"]

1. d4 Nf6 2. Nf3 e6 3. e3 b6 4. Bd3 Bb7 5. O-O c5 6. c4 g6 7. d5 exd5 8. cxd5
Bxd5 9. e4 Bc6 10. e5 Nd5 11. Nbd2 Nc7 12. Re1 Ne6 13. b4 d5 14. exd6 Bg7 15.
Qb3 O-O 16. Bb2 Nd7 17. Bxg7 Kxg7 18. Be4 Bxe4 19. Nxe4 Re8 20. Qb2+ f6 21. Re3
cxb4 22. Rae1 a5 23. Neg5 Nxg5 24. Nxg5 Ne5 25. f4 Nd3 26. Rxe8 Nxb2 27. R1e7+
1-0

[Event "XVIII Festival A"]
[Site "Porto San Giorgio ITA"]
[Date "2006.08.27"]
[Round "7"]
[White "Trent, Lawrence"]
[Black "Palac, Mladen"]
[Result "1/2-1/2"]
[WhiteElo "2434"]
[BlackElo "2584"]
[PlyCount "79"]
[EventDate "2006.08.21"]

1. e4 c5 2. Nf3 Nc6 3. Bb5 e6 4. O-O Nge7 5. Re1 Nd4 6. Nxd4 cxd4 7. c4 Ng6 8.
d3 Be7 9. Nd2 Rb8 10. Nf3 e5 11. c5 Bxc5 12. h4 Qe7 13. Bc4 Nf4 14. Bd2 d6 15.
b4 Bb6 16. Qb3 Ne6 17. a4 a6 18. g3 O-O 19. Kg2 Nc7 20. h5 Be6 21. Nh4 Qd7 22.
Bxe6 Nxe6 23. Nf5 g6 24. hxg6 fxg6 25. Nh6+ Kh8 26. Rh1 Bd8 27. Rac1 Bg5 28.
Bxg5 Nxg5 29. b5 axb5 30. axb5 Rbc8 31. Rxc8 Qxc8 32. b6 Qe6 33. Qc2 Qf6 34.
Qe2 Ne6 35. Ng4 Qg5 36. Qd1 h5 37. f3 Ra8 38. Qb3 Re8 39. Qd5 Qd8 40. Qxb7
1/2-1/2

[Event "XVIII Festival A"]
[Site "Porto San Giorgio ITA"]
[Date "2006.08.28"]
[Round "8"]
[White "Bokros, Albert"]
[Black "Bontempi, Piero"]
[Result "1-0"]
[WhiteElo "2464"]
[BlackElo "2318"]
[PlyCount "115"]
[EventDate "2006.08.21"]

1. e4 c5 2. Nf3 d6 3. d4 Nf6 4. dxc5 Nxe4 5. cxd6 Nc6 6. Be2 e5 7. O-O Bxd6 8.
Be3 O-O 9. Nbd2 Bf5 10. c3 Qe7 11. Nxe4 Bxe4 12. Nd2 Bg6 13. Nc4 Bc7 14. Qb3
Rab8 15. Qb5 Qe6 16. Rad1 Be4 17. f3 a6 18. Qc5 b6 19. Qa3 Bd5 20. Nd2 Bd6 21.
Qxa6 Ra8 22. Qb5 Ra5 23. Qd3 e4 24. Nxe4 Ne5 25. Qd2 Bc7 26. a3 Bb3 27. Rde1
Rd8 28. Qc1 Ng6 29. Ng3 Bxg3 30. hxg3 Re5 31. Kf2 Re8 32. Bd3 Bc4 33. Bxc4 Qxc4
34. Qd2 Rd5 35. Bd4 Ne5 36. Kg1 Red8 37. Qe2 f6 38. Bxe5 Qxe2 39. Rxe2 fxe5 40.
Rfe1 Rb5 41. b4 Rbd5 42. Rxe5 Rxe5 43. Rxe5 Ra8 44. Rb5 Rxa3 45. Rxb6 Rxc3 46.
Rb7 Rc2 47. b5 h5 48. b6 Rb2 49. f4 Kh7 50. f5 Kh6 51. Rb8 Kh7 52. Kh2 Rb5 53.
b7 Rb1 54. g4 hxg4 55. Kg3 Rb4 56. Kh4 Rb2 57. g3 Rb4 58. Kg5 1-0

[Event "XVIII Festival A"]
[Site "Porto San Giorgio ITA"]
[Date "2006.08.28"]
[Round "8"]
[White "Burmakin, Vladimir"]
[Black "Horvath, Peter"]
[Result "1-0"]
[WhiteElo "2558"]
[BlackElo "2465"]
[PlyCount "49"]
[EventDate "2006.08.21"]

1. Nf3 Nf6 2. g3 d5 3. Bg2 e6 4. d4 b5 5. O-O Be7 6. b3 Ba6 7. Ne5 Nfd7 8. Nxd7
Nxd7 9. e4 dxe4 10. Bxe4 Rb8 11. Qd3 Bb7 12. Nd2 Bxe4 13. Nxe4 O-O 14. Bb2 Nf6
15. Nc3 a6 16. Rfd1 c5 17. Ne4 cxd4 18. Bxd4 Nxe4 19. Qxe4 Qc8 20. c4 bxc4 21.
Rac1 Rd8 22. Rxc4 Qd7 23. Rdc1 Bf8 24. Be3 Rb7 25. Rd4 1-0

[Event "XVIII Festival A"]
[Site "Porto San Giorgio ITA"]
[Date "2006.08.28"]
[Round "8"]
[White "Calzetta Ruiz, Monica"]
[Black "Tomini, Marco"]
[Result "1-0"]
[WhiteElo "2329"]
[BlackElo "2083"]
[PlyCount "47"]
[EventDate "2006.08.21"]

1. e4 b6 2. d4 Bb7 3. Bd3 e6 4. Nf3 Nf6 5. Qe2 d5 6. e5 Ne4 7. O-O Be7 8. c3 c5
9. Ne1 cxd4 10. cxd4 Nc6 11. Nc2 f5 12. exf6 Bxf6 13. Nc3 Nxd4 14. Nxd4 Bxd4
15. Nxe4 dxe4 16. Bb5+ Kf7 17. Be3 Bxe3 18. fxe3+ Kg8 19. Rad1 Bd5 20. Qh5 g6
21. Qe5 Rc8 22. Ba6 Rc7 23. Rf6 Qe7 24. Rdf1 1-0